01067cam a22002171 450000100060000000300080000600500170001400800410003103500190007203500180009104000510010904100080016008200240016810000550019224501750024726000830042230000340050550400190053950502750055865000160083330952BD-RjUL20211209051636.0140412t19651935maua b 001 0 eng d a(BD-RjUL)31039 a(OCoLC)272878 aDLCcOWibfUdOCoLCdNBrockUdDLCdBD-RjULbeng aeng00a100bPEC V-5&6 19651 aPeirce, Charles S.q(Charles Sanders),d1839-1914.10aCollected papers of Charles Hartshorne Peirce /cEdited by Charles Hartshorne and Paul Weiss.nVolume V :nPragmatism and pragmaticismpVolume VI :pScientific hartshorne aCambridge :bBelknap Press of Harvard University Press,c1935 [Reprinted 1965] axii, 462 p. :bill. ;c25 cm. aIncludes Index0 av. 1-2. Principles of philosophy and Elements of logic.--v. 3-4. Exact logic (published papers) and The simplest mathematics.--v. 5-6. Pragmatism and pragmaticism and Scientific metaphysics.--v. 7. Science and philosophy.--v. 8. Reviews, correspondence and bibliography. 0aPhilosophy.